| 000 | 00719nam a22002417a 4500 | ||
|---|---|---|---|
| 999 |
_c95275 _d95275 |
||
| 005 | 20260414152143.0 | ||
| 008 | 260410b ||||| |||| 00| 0 eng d | ||
| 020 | _a9781984696007 | ||
| 041 | _aeng | ||
| 082 |
_223 _a511.3 |
||
| 100 | 1 |
_aKelly, Ethan, _eauthor. |
|
| 245 | 1 | 0 |
_aConcepts in mathematical reasoning / _cEthan Kelly. |
| 264 | 1 |
_aNew York : _b3G E-learning, _c[2025] |
|
| 264 | 4 | _c©2025. | |
| 300 |
_axix, 281 pages : _bcolor illustrations ; _c26 cm |
||
| 336 |
_2rdacontent _atext _btxt |
||
| 337 |
_2rdamedia _aunmediated _bn |
||
| 338 |
_2rdacarrier _avolume _bnc |
||
| 650 | 0 | _aMathematical analysis. | |
| 650 | 0 | _aLogic, Symbolic and mathematical. | |
| 650 | 0 | _aNumber theory. | |
| 942 |
_2ddc _cBK |
||